[Event "Sharjah Rapid"]
[Site "Sharjah"]
[Date "2023.03.26"]
[Round "2"]
[White "Eljanov, Pavel"]
[Black "Vihaan, Dumir"]
[Result "1-0"]
[WhiteElo "2704"]
[BlackElo "1527"]
[PlyCount "61"]
[EventDate "2023.03.26"]
[EventType "swiss (rapid)"]
[EventRounds "9"]
[EventCountry "UAE"]
[SourceTitle "CBM 213 Extra"]
[Source "ChessBase"]
[SourceDate "2023.05.31"]
[SourceVersion "1"]
[SourceVersionDate "2023.05.31"]
[SourceQuality "1"]

1. e4 e6 2. d4 d5 3. e5 c5 4. c3 Nc6 5. Nf3 Qb6 6. a3 c4 7. Nbd2 Na5 8. Be2 Bd7 9. 0-0 h6 10. Qc2 0-0-0 11. Rb1 Kb8 12. b3 cxb3 13. Nxb3 Nxb3 14. Rxb3 Ba4 15. Rxb6 Bxc2 16. Rb2 Bh7 17. a4 Ba3 18. Rxb7+ Kxb7 19. Bxa3 Rc8 20. Rc1 Re8 21. Bb5 Rc8 22. Nd2 f6 23. Nb3 fxe5 24. dxe5 Bf5 25. Bd7 Rc7 26. Nc5+ Ka8 27. Bxe6 Rxc5 28. Bxf5 Rc7 29. Bd6 Rb7 30. Bc8 Rb3 31. Be6 1-0

[Event "Anti Cheating Blitz Cup"]
[Site "Chess.com INT"]
[Date "2020.05.20"]
[Round "2"]
[White "Maltsevskaya, Aleksandra"]
[Black "Vihaan, Dumir"]
[Result "1-0"]
[WhiteElo "2272"]
[BlackElo "1263"]
[PlyCount "53"]
[EventDate "2020.05.20"]
[EventType "swiss (blitz)"]
[EventRounds "11"]
[EventCountry "USA"]
[SourceTitle "CBM 196 Extra"]
[Source "ChessBase"]
[SourceDate "2020.07.31"]
[SourceVersion "1"]
[SourceVersionDate "2020.07.31"]
[SourceQuality "1"]

1. Nf3 Nf6 2. g3 g6 3. d3 Bg7 4. Nbd2 0-0 5. Bg2 d6 6. 0-0 e5 7. e4 Nc6 8. c3 Bg4 9. h3 Bxf3 10. Nxf3 Qd7 11. Nh4 Rfe8 12. f4 Rad8 13. f5 d5 14. fxg6 fxg6 15. Bg5 Rf8 16. Qb3 Na5 17. Qa3 b6 18. exd5 Rde8 19. c4 c6 20. Qa4 cxd5 21. Qxd7 Nxd7 22. Bxd5+ Kh8 23. b4 h6 24. Nxg6+ Kh7 25. Nxf8+ Rxf8 26. Rxf8 Bxf8 27. Bd2 1-0

[Event "Anti Cheating Blitz Cup"]
[Site "Chess.com INT"]
[Date "2020.05.20"]
[Round "1"]
[White "Quinones, Cesar Luis"]
[Black "Vihaan, Dumir"]
[Result "0-1"]
[WhiteElo "2154"]
[BlackElo "1263"]
[PlyCount "75"]
[EventDate "2020.05.20"]
[EventType "swiss (blitz)"]
[EventRounds "11"]
[EventCountry "USA"]
[SourceTitle "CBM 196 Extra"]
[Source "ChessBase"]
[SourceDate "2020.07.31"]
[SourceVersion "1"]
[SourceVersionDate "2020.07.31"]
[SourceQuality "1"]

1. e4 e6 2. d3 d5 3. Nd2 c5 4. Ngf3 Nc6 5. g3 Nf6 6. Bg2 Be7 7. 0-0 0-0 8. Re1 d4 9. a4 e5 10. Nc4 Qc7 11. Bg5 Be6 12. Ncd2 h6 13. Bxf6 Bxf6 14. Rf1 a6 15. h3 b5 16. axb5 axb5 17. Nh2 Rxa1 18. Qxa1 Nb4 19. Qd1 Qd7 20. g4 Ra8 21. Re1 Qa7 22. Ndf1 Qa2 23. Qc1 Qa4 24. b3 Qa2 25. Re2 Nxd3 26. Qd2 Nf4 27. Re1 Bg5 28. Qd1 d3 29. cxd3 Bxb3 30. Qb1 Qxb1 31. Rxb1 c4 32. dxc4 bxc4 33. Ne3 Ne2+ 34. Kh1 Bxe3 35. fxe3 Nc3 36. Rc1 Na2 37. Ra1 c3 38. Nf1 0-1

[Event "Mumbai Wealth U13 op 5th"]
[Site "Mumbai"]
[Date "2020.01.06"]
[Round "8"]
[White "Varun Prabhakaran, KS."]
[Black "Vihaan, Dumir"]
[Result "1-0"]
[WhiteElo "1282"]
[BlackElo "1220"]
[PlyCount "63"]
[EventDate "2019.12.30"]
[EventType "swiss"]
[EventRounds "9"]
[EventCountry "IND"]
[SourceTitle "CBM 194 Extra"]
[Source "ChessBase"]
[SourceDate "2020.03.31"]
[SourceVersion "1"]
[SourceVersionDate "2020.03.31"]
[SourceQuality "1"]

1. Nf3 e6 2. c4 f5 3. g3 Nf6 4. Bg2 c6 5. 0-0 d5 6. cxd5 cxd5 7. d3 Bd6 8. Nc3 0-0 9. Qc2 Bd7 10. e4 fxe4 11. dxe4 dxe4 12. Nxe4 Bc6 13. Nxd6 Qxd6 14. Be3 Nbd7 15. Rad1 Qe7 16. Rfe1 Rad8 17. Nd4 Bxg2 18. Kxg2 Rfe8 19. Nb5 a6 20. Nd6 Rf8 21. Qb3 Nd5 22. Nxb7 Nxe3+ 23. Rxe3 Rb8 24. Rxe6 Qf7 25. Rxd7 Qxf2+ 26. Kh3 Qf5+ 27. g4 Qf1+ 28. Kh4 g5+ 29. Kh5 Rxb7 30. Rxb7 Kh8 31. Qc3+ Rf6 32. Re8# 1-0

[Event "Mumbai Wealth U13 op 5th"]
[Site "Mumbai"]
[Date "2020.01.02"]
[Round "4"]
[White "Bamboat, Hrrehan"]
[Black "Vihaan, Dumir"]
[Result "1-0"]
[WhiteElo "1469"]
[BlackElo "1220"]
[PlyCount "89"]
[EventDate "2019.12.30"]
[EventType "swiss"]
[EventRounds "9"]
[EventCountry "IND"]
[SourceTitle "CBM 194 Extra"]
[Source "ChessBase"]
[SourceDate "2020.03.31"]
[SourceVersion "1"]
[SourceVersionDate "2020.03.31"]
[SourceQuality "1"]

1. e4 e6 2. d4 d5 3. Nd2 Nf6 4. e5 Nfd7 5. Bd3 c5 6. c3 Nc6 7. Ne2 cxd4 8. cxd4 f6 9. exf6 Nxf6 10. Nf3 Bd6 11. 0-0 Qc7 12. Nc3 a6 13. a3 0-0 14. Re1 e5 15. dxe5 Nxe5 16. Nxe5 Bxe5 17. h3 Bxc3 18. bxc3 Qxc3 19. Rb1 Qc5 20. Be3 Qxa3 21. Qc2 Qe7 22. Bc5 Qf7 23. Bxf8 Qxf8 24. Qc7 Ne4 25. Bxe4 dxe4 26. Rxe4 Bf5 27. Rf4 Rc8 28. Qxb7 Qc5 29. Qb3+ Kh8 30. Re1 Qa5 31. Qe3 h6 32. Qe7 Bg6 33. Rd1 Re8 34. Rf8+ Rxf8 35. Qxf8+ Kh7 36. Rd8 Qe1+ 37. Kh2 Qe5+ 38. f4 Bf7 39. fxe5 Kg6 40. Rd6+ Kg5 41. Qe7+ Kf4 42. Qxf7+ Kxe5 43. Rd5+ Ke4 44. Qe6+ Kf4 45. Qe5# 1-0

[Event "Mumbai Wealth op U13 4th"]
[Site "Mumbai"]
[Date "2019.01.02"]
[Round "4"]
[White "Medhansh, Rathi"]
[Black "Vihaan, Dumir"]
[Result "1-0"]
[WhiteElo "1194"]
[BlackElo "1013"]
[PlyCount "95"]
[EventDate "2018.12.30"]
[EventType "swiss"]
[EventRounds "9"]
[EventCountry "IND"]
[SourceTitle "CBM 188 Extra"]
[Source "ChessBase"]
[SourceDate "2019.02.26"]
[SourceVersion "1"]
[SourceVersionDate "2019.02.26"]
[SourceQuality "1"]

1. e4 e6 2. d4 d5 3. Nc3 dxe4 4. Nxe4 Bd7 5. Nf3 Bc6 6. Bd3 Nd7 7. 0-0 Ngf6 8. Nxf6+ Nxf6 9. c3 Bxf3 10. Qxf3 c6 11. Bg5 Be7 12. Rad1 0-0 13. Bc2 Qd5 14. Qxd5 cxd5 15. h3 h6 16. Bf4 Rfd8 17. Rfe1 Bd6 18. Bh2 Rac8 19. Bd3 Bxh2+ 20. Kxh2 Nd7 21. Kg3 Kf8 22. Re3 Ke7 23. f4 Kf6 24. Rf1 a6 25. f5 e5 26. dxe5+ Nxe5 27. Kf4 Nd7 28. Kg3 Ne5 29. Kf4 Re8 30. g4 g6 31. fxg6 Nxg6+ 32. Bxg6 fxg6 33. Kg3+ Kg7 34. Rfe1 Kf7 35. Rxe8 Rxe8 36. Rxe8 Kxe8 37. Kf4 h5 38. gxh5 gxh5 39. Kg5 b6 40. Kxh5 b5 41. b4 Ke7 42. Kg5 Kf7 43. h4 Kg7 44. h5 Kg8 45. h6 Kf8 46. h7 Kg7 47. h8Q+ Kxh8 48. Kf5 1-0